000
00296nam a22001337a 4500
008
170529b xxu||||| |||| 00| 0 eng d
020
_a
9780130852366
041
_a
eng
080
_2
5TH
_a
621.38
100
_a
26
101
_a
IM
245
_a
ELECTRONICS FUNDAMENTALS
_c
FLOYD
942
_2
udc
_c
BK
999
_c
14884
_d
14884